000 01043cad a22002295a 4500
001 L154562
008 111222s2011 xxk f 000 0 eng d
035 _a(Sirsi) u154562
041 0 _aeng
110 2 _aUnited Kingdom
_bDepartment for Communities and Local Government
_94939
245 0 0 _aReinvigorating the Right to Buy and one for one replacement
_bConsultation
_h[electronic resource]
260 _aLondon
_cDCLG
_b2011
520 _aConsultation on proposals to increase the cap on Right to Buy discounts; and options to ensure that every additional home sold under Right to Buy is replaced with a new home for Affordable Rent.
520 _aConsultation closes 2 February 2012.
590 _aKA NTK
650 2 4 _aLAYING THE FOUNDATIONS A HOUSING STRATEGY FOR ENGLANDl
650 2 4 _aLOCALISM ACT 2011
651 4 _aENGLAND AND WALES
690 _aPROPERTY-RESIDENTIAL PROPERTY
856 4 0 _uhttps://www.communities.gov.uk/documents/housing/pdf/2053578.pdf
_zView the item free of charge at www.communities.gov.uk
942 _n0
999 _c113040
_d113040